000 00301nam a2200145Ia 4500
100 _aDeikman alan
250 _a1
942 _cBK
654 _aUP
245 _aUnix Progarmming on 8086 & 80386
260 _bBPB Publication
_aNew Delhi
_c1989
300 _a446
546 _aENGLISH
999 _c21314
_d21314